00621 a2200181 4500003000400000005001700004008004100021020001800062040000900080082002000089100003000109245005800139260002700197300000900224942004600233952014300279999001700422OSt20231109135337.0231109b |||||||| |||| 00| 0 eng d a9788194760320 coclc a894.8121bSHA/M aShafeeq, T Muhammed99879 aMalabar Samaravum Mapillapattum /cMuhammed Shafeeq T aKerala:bGrace,c2021. a122p 2ddccBKh894.8121iSHA/Mk894.8121mSHA/M 00102ddc40708LITaMESbMEScISLd2024-01-06l1o894.8121 SHA/Mp44516r2024-12-06 11:37:37s2024-12-05v140.00w2024-01-06yBKzGL47R2 c42997d42997